| 000 | 02682cam a22006254i 4500 | ||
|---|---|---|---|
| 003 | PE-LiUPU | ||
| 005 | 20250731180117.0 | ||
| 008 | 181218s2012 pe a rb 000 0 spa d | ||
| 020 | _a9786124147067 | ||
| 020 | _a6124147068 | ||
| 035 | _a(Sirsi) a251095 | ||
| 040 |
_aPE-LiUPU _bspa _cPE-LiUPU _erda |
||
| 049 | _aPRUA | ||
| 082 | 0 | 4 |
_a519.4 _bA66 _220 |
| 082 | 0 | 4 |
_a519.4 _bA66 2012 |
| 100 | 1 |
_aArapa Quispe, José B., _eautor. |
|
| 245 | 1 | 0 |
_aAnálisis numérico en ingeniería : _bcon aplicaciones en Matlab / _cJosé B. Arapa Quispe. |
| 250 | _aPrimera edición. | ||
| 264 | 1 |
_aPerú : _bUniversidad Nacional Agraria La Molina, _c2012. |
|
| 300 |
_a309 páginas : _bilustraciones ; _c24 centímetros |
||
| 336 |
_atext _2rdacontent |
||
| 337 |
_aunmediated _2rdamedia |
||
| 338 |
_avolume _2rdacarrier |
||
| 504 | _aBibliografía : página 309. | ||
| 505 | 0 | _aIntroducción a la programación y al uso de software -- Aproximaciones y errores en el análisis numérico -- Solución de ecuaciones no lineales -- Álgebra lineal numérica -- Interpolación numérica -- Integración numérica -- Diferenciación numérica. | |
| 526 | _aSEG44 | ||
| 526 | _aSEG26 | ||
| 526 | _aP159 | ||
| 526 | _aP155 | ||
| 526 | _aP154 | ||
| 526 | _aP153 | ||
| 526 | _aP150 | ||
| 526 | _aP100 | ||
| 526 | _aP31 | ||
| 526 | _aP30 | ||
| 526 | _aP26 | ||
| 526 | _aP25 | ||
| 526 | _aP24 | ||
| 526 | _aP22 | ||
| 526 | _aP15 | ||
| 526 | _aP10 | ||
| 541 | _g002-00000768; | ||
| 541 | _gF423-0000399; | ||
| 650 | 1 | 4 |
_aAnálisis numérico _xProgramas para computadora. |
| 650 | 2 | 4 |
_aMatemáticas para ingenieros _xProgramas para computadora. |
| 910 |
_adbm _bncf _cncf _d20181218 |
||
| 910 |
_agavs _d20191119 |
||
| 942 |
_2ddc _cBOOK |
||
| 949 |
_a519.4 A66 2012 _wDEWEY _c1 _iFT04210 _lCCODEBUT1 _mBUT _p{dolar}10.57 _r0 _sY _tBOOK _u2019-11-20 _xCRAI _zCRAI _0COMPRA _o.STAFF. Colección General Tarapoto |
||
| 994 |
_aC0 _bPEPRU |
||
| 596 | _a1 2 | ||
| 999 |
_a519.4 A66 _wDEWEY _c30544 _i79533 _f2021-11-9 _g4 _lCCODEBUL1 _mBUL _p12.57 _r0 _sY _tBOOK _u2018-12-18 _xINGENIERIA _PP25 _0COMPRA _1FCOMPR2 _o.STAFF. Colección Ingeniería y Arquitectura _d30544 |
||
| 999 |
_a519.4 A66 _wDEWEY _c2 _i79534 _f2021-11-9 _g4 _lCCODEBUL1 _mBUL _p12.57 _r0 _sY _tBOOK _u2018-12-18 _xINGENIERIA _PP25 _0COMPRA _1FCOMPR2 _o.STAFF. Colección Ingeniería y Arquitectura |
||
| 999 |
_a519.4 A66 2012 _wDEWEY _c1 _iFT04210 _lCCODEBUT1 _mBUT _p10.52 _r0 _sY _tBOOK _u2019-11-20 _xBIBLIOTECA _zALL _0COMPRA _1FCOMPR4 _o.STAFF. Colección General Tarapoto |
||
| 980 |
_81 _gALBERTO SANCHEZ Responsable de Automatización |
||